Treatment and disposal of radioactive wastes = (Pererabotka i zakhoronenie radioaktivnykh otkhodov laboratorii) /

Bibliographic Details
Main Author: Spit︠s︡yn, Evgeniĭ I︠a︡kovlevich
Format: Book
Language:English
Russian
Published: Jerusalem : Springfield, Va. : Israel Program for Scientific Translations ; Available from the U.S. Dept. of Commerce, Clearinghouse for Federal Scientific and Technical Information, 1968.
Subjects:

MARC

Tag First Indicator Second Indicator Subfields
LEADER 00000cam a2200000 4500
001 in00001368043
005 20151006091312.0
008 690923s1968 is a b 000 0 eng
010 |a  68067355  
035 |a (OCoLC)00022442 
035 |9 AHJ8464AM 
040 |a DLC  |c DLC  |d TXA  |d UtOrBLW 
041 1 |a eng  |a rus 
049 |a TXAM 
050 0 0 |a TD812  |b .S6513 
082 0 0 |a 621.48/38 
090 |a TD812  |b .S6513 1968 
100 1 |a Spit︠s︡yn, Evgeniĭ I︠a︡kovlevich. 
240 1 0 |a Pererabotka i zakhoronenie radioaktivnykh otkhodov laboratoriĭ.  |l English 
245 1 0 |a Treatment and disposal of radioactive wastes =  |b (Pererabotka i zakhoronenie radioaktivnykh otkhodov laboratorii) /  |c E. Ya. Spitsyn ; translated from Russian [by N. Kaner. Edited by S. Alexander]. 
246 3 1 |a (Pererabotka i zakhoronenie radioaktivnykh otkhodov laboratorii)  
264 1 |a Jerusalem :  |b Israel Program for Scientific Translations ;  |a Springfield, Va. :  |b Available from the U.S. Dept. of Commerce, Clearinghouse for Federal Scientific and Technical Information,  |c 1968. 
300 |a v, 102 pages :  |b illustrations ;  |c 24 cm. 
336 |a text  |b txt  |2 rdacontent 
337 |a unmediated  |b n  |2 rdamedia 
338 |a volume  |b nc  |2 rdacarrier 
500 |a Originally published: Moskva : Atomizdat, 1965. 
500 |a "AEC-tr-6881, UC-70, TT 68-50326"--Title page verso. 
504 |a Bibliography: pages 99-102. 
650 0 |a Radioactive waste disposal. 
999 |a MARS 
999 f f |s 48b0a1d6-fca4-38a6-b727-aa4ae84578fe  |i 4a1a58de-40ab-3cc0-ace2-cb816a7431d7  |t 0 
952 f f |p ric  |a Texas A&M University  |b Rellis Campus  |c Joint Library Facility  |d Remote Storage  |t 0  |e TD812 .S6513 1968  |h Library of Congress classification  |i unmediated -- volume  |m A14821166363 
998 f f |a TD812 .S6513 1968  |t 0  |l Remote Storage